Entre amigos : (Record no. 173837)

MARC details
000 -LEADER
campo de control de longitud fija 00990nam a22001935i 4500
001 - NÚMERO DE CONTROL
campo de control 173837
003 - IDENTIFICADOR DE NÚMERO DE CONTROL
campo de control ES-MaACL
005 - FECHA Y HORA DE LA ÚLTIMA TRANSACCIÓN
campo de control 20230906215348.0
008 - DATOS DE LONGITUD FIJA--INFORMACIÓN GENERAL
campo de control de longitud fija 100125s1879 sp |||| | spa d
080 ## - NÚMERO DE LA CLASIFICACIÓN DECIMAL UNIVERSAL
Número de la Clasificación Decimal Universal 821.134.2-23"18"
100 1# - ENTRADA PRINCIPAL--NOMBRE DE PERSONA
Nombre de persona Flores García, Francisco.
9 (RLIN) 51283
245 10 - MENCIÓN DEL TÍTULO
Título Entre amigos :
Resto del título comedia en un acto y en verso /
Mención de responsabilidad, etc. original de Don Francisco Flores García.
260 ## - PUBLICACIÓN, DISTRIBUCIÓN, ETC.
Lugar de publicación, distribución, etc. Madrid :
Nombre del editor, distribuidor, etc. Hijos de A. Gullón,
Fecha de publicación, distribución, etc. 1879 (
Fabricante Imp. de José Rodríguez)
300 ## - DESCRIPCIÓN FÍSICA
Extensión 31 p. ;
Dimensiones 17 cm.
500 ## - NOTA GENERAL
Nota general En port.: Representada por primera vez con éxito extraordinario en el Teatro de la Comedia el 27 de mayo de 1879, a beneficio de la Srta. Doña Emilia Ballesteros.
530 ## - NOTA DISPONIBLE DE FORMULARIO FÍSICO ADICIONAL
Nota de formato físico adicional disponible Disponible en formato digital.
852 4# - LOCALIZACIÓN
Ubicación ES-MaACL
Número de control de estantería F-8618(11)
Nota libre - Enc. pasta española, falto de cub. original
-- - Enc. en un vol. facticio formando parte de la col. facticia "Teatro español moderno", v. 73
856 4# - LOCALIZACIÓN Y ACCESO ELECTRÓNICOS
Identificador Uniforme de Recursos <a href="https://archive.org/details/entreamigoscomed18917flor ">https://archive.org/details/entreamigoscomed18917flor </a>
Nota pública Internet Archive
Holdings
Estatus retirado Estado de pérdida Estado de daño No para préstamo Colección Biblioteca de origen Biblioteca actual Ubicación en estantería Fecha de adquisición Fuente de adquisición Total de préstamos Signatura topográfica completa Código de barras Visto por última vez Precio de reemplazo Tipo de ítem Koha
        Colección digital Biblioteca del Ateneo de Madrid Biblioteca del Ateneo de Madrid Sala Pecera Planta 2 25/01/2010     F-8618(11) 1182468 23/02/2023 23/02/2023 Libro impreso antiguo